Comenio : (Registro nro. 34485)

Detalles MARC
000 -LEADER
fixed length control field 01578nam a2200349 4500
001 - CONTROL NUMBER
control field 0000016192
003 - CONTROL NUMBER IDENTIFIER
control field CO-CtgCURN
005 - DATE AND TIME OF LATEST TRANSACTION
control field 20250429224005.0
007 - PHYSICAL DESCRIPTION FIXED FIELD--GENERAL INFORMATION
fixed length control field ta
008 - FIXED-LENGTH DATA ELEMENTS--GENERAL INFORMATION
fixed length control field 160627s1996 000 0 eng d
020 ## - INTERNATIONAL STANDARD BOOK NUMBER
International Standard Book Number 9682454832
040 ## - CATALOGING SOURCE
Original cataloging agency CO-CtgCURN
Language of cataloging spa
Transcribing agency coctgcurn
082 0# - DEWEY DECIMAL CLASSIFICATION NUMBER
Classification number 370.092
Item number K659c
100 1# - MAIN ENTRY--PERSONAL NAME
Personal name Kozik, Frantisek.
245 10 - TITLE STATEMENT
Title Comenio :
Remainder of title Angel de la paz /
Statement of responsibility, etc. Frantisek Kozik , traducción Ludmila Holkova.
260 ## - PUBLICATION, DISTRIBUTION, ETC.
Place of publication, distribution, etc. Mexico :
Name of publisher, distributor, etc. Trillas,
Date of publication, distribution, etc. 1996.
300 ## - PHYSICAL DESCRIPTION
Extent 236 p.
336 ## - CONTENT TYPE
Source rdacontent
337 ## - MEDIA TYPE
Source rdamedia
Media type term sin mediacion
Media type code n
338 ## - CARRIER TYPE
Source rdacarrier
Carrier type term volumen
Carrier type code nc
490 1# - SERIES STATEMENT
Series statement Biblioteca grandes educadores ;
Volume/sequential designation 7
500 ## - GENERAL NOTE
General note Traducción la obra en checoslovaco: Angel Miru.
505 8# - FORMATTED CONTENTS NOTE
Formatted contents note La huida.--La juventud rebelde.--Deslumbramiento.--El casamiento y el secreto.--La cara de la patria.--Nubes amenazantes.--Las quejas de los pobres.--En los escondites.--El afligido.--La despedida.--La didactica.--Las luchas y los conflictos.--El camino de la gloria.--La ciudad de la paz.--Nuevos viajes.--La funcion teatral.--La ribera de los naufragos.--La consulta general.--angel de la paz.--La enmienda general.--Lo unico necesario.--La despedida
650 14 - SUBJECT ADDED ENTRY--TOPICAL TERM
Topical term or geographic name entry element Educación.
700 1# - ADDED ENTRY--PERSONAL NAME
Personal name Holkova, Ludmila,
Relator term Traductor.
730 0# - ADDED ENTRY--UNIFORM TITLE
Uniform title Angel de la paz.
908 ## - PUT COMMAND PARAMETER (RLIN)
Put command parameter 160627
942 ## - ADDED ENTRY ELEMENTS (KOHA)
Koha item type Libros
Classification part 370.092
Item part K659c
Source of classification or shelving scheme Dewey Decimal Classification
Existencias
Withdrawn status Lost status Source of classification or shelving scheme Damaged status Not for loan Collection Home library Current library Shelving location Date acquired Inventory number Total checkouts Full call number Barcode Date last seen Copy number Price effective from Koha item type Public note
    Dewey Decimal Classification     General Miguel Henríquez Castañeda Miguel Henríquez Castañeda General 04/29/2025 006444   370.092 K659c 006444 04/29/2025 ej.1 04/29/2025 Libros 370-EDUCAC
    Dewey Decimal Classification     General Miguel Henríquez Castañeda Miguel Henríquez Castañeda General 04/29/2025 006451   370.092 K659c 006451 04/29/2025 ej.2 04/29/2025 Libros 370-EDUCAC
    Dewey Decimal Classification     General Miguel Henríquez Castañeda Miguel Henríquez Castañeda General 04/29/2025 013445   370.092 K659c 013445 04/29/2025 ej.3 04/29/2025 Libros 370-EDUCAC